|
|
|
|
| LEADER |
01016nam a22003134a 4500 |
| 001 |
7070 |
| 003 |
BD-DhAAL |
| 005 |
20150825094829.0 |
| 008 |
150825s2001 nyua 001 0 eng |
| 010 |
|
|
|a 00034101
|
| 020 |
|
|
|a 0078454506
|
| 020 |
|
|
|a 9780078227288
|
| 020 |
|
|
|a 0078227283
|
| 040 |
|
|
|a DLC
|c DLC
|d C#P
|d BAKER
|d BTCTA
|d DLC
|d BD-DhAAL
|
| 050 |
0 |
0 |
|a QA76.3
|b .N6818 2001
|
| 082 |
0 |
0 |
|a 004
|2 21
|
| 100 |
1 |
|
|a Norton, Peter,
|d 1943-
|9 7559
|
| 240 |
1 |
0 |
|a Essential concepts
|
| 245 |
1 |
0 |
|a Peter Norton's essential concepts.
|
| 250 |
|
|
|a 5th ed.
|
| 260 |
|
|
|a New York :
|b Glencoe/McGraw-Hill,
|c c2003.
|
| 300 |
|
|
|a xx, 276 p. :
|b ill. (some col.) ;
|c 28 cm.
|
| 500 |
|
|
|a Includes index.
|
| 541 |
|
|
|e 7070
|
| 650 |
|
0 |
|a Computers.
|9 14039
|
| 650 |
|
0 |
|a Computer software.
|9 14040
|
| 942 |
|
|
|2 ddc
|c BK
|
| 999 |
|
|
|c 35317
|d 35317
|
| 952 |
|
|
|0 0
|1 0
|2 ddc
|4 0
|6 004_000000000000000_NOR
|7 0
|9 55513
|a SCL
|b SCL
|c GEN
|d 2015-08-25
|e Gift: The Asia Foundation
|l 1
|m 1
|o 004 NOR
|p 3020007070
|r 2018-07-30
|s 2018-07-21
|t 1
|w 2015-08-25
|y BK
|